| 000 | 00504nam a2200169 i 4500 | ||
|---|---|---|---|
| 001 | 55469 | ||
| 003 | ES-MaACL | ||
| 005 | 20230906163143.0 | ||
| 007 | t| | ||
| 008 | 030922s1949 sp ||||1| spa d | ||
| 100 | 1 |
_aDerqui Morilla, Fernando. _943794 |
|
| 245 | 1 | 0 |
_aPilotajes moldeados / _cpor Fenando Derqui Morilla. |
| 250 | _a1ª ed. pública, 2ª ed. privada. | ||
| 260 |
_aMadrid : _b[s.n.], _c1949 ( _fGráf. Onofre Alonso) |
||
| 300 |
_a23 p. ; _c19 cm. |
||
| 852 |
_aES-MaACL _j1903-F-5 _bR.28444 |
||
| 999 |
_c55469 _d55469 |
||